000 00502nam a2200133Ia 4500
003 GCL
008 140319s9999 xx 000 0 ara d
040 _aGCL /
_cGCL
082 0 4 _aق
_b915
_bج م
100 1 _aالجمعية الجغرافية المصرية
245 1 0 _aالمجلة الجغرافية العربية - المحاضرات العامة ع19 - 1987 /
_cالجمعية الجغرافية المصرية
260 _a[S.N] :
_bالجمعية الجغرافية المصرية
490 _a
999 _c34596
_d34596